000
00306nam a2200133Ia 4500
005
20260326100037.0
008
260326s9999||||xx |||||||||||||| ||und||
100
_a
Forum
245
0
_a
Forum :
_b
Brazil 1947 /
_c
Forum
260
_b
Forum
300
_a
112 p.
650
_a
ARQUITECTURA REGIONAL
942
_c
BK
999
_c
6873
_d
6873